Lewe dopływy Wisły - nagła śmierć - Statystyki

Ogólne statystyki
  • Ten quiz został rozwiązany 2 204 razy
    2 197 od ostatniego zresetowania
  • Średni wynik to 3 z 8
Answers on the Grid
Answers color-coded by a green-red scale on the quiz's grid according to % correct below.
Nysa Kłodzka
Oława
Ślęża
Bystrzyca
Kaczawa
Bóbr
Nysa Łużycka
Mała Panew
Stobrawa
Widawa
Barycz
Warta
Nida
Kamienna
Pilica
Radomka
Bzura
Wierzyca
Wda
Brda
Raba
Dunajec
San
Wisłoka
Wieprz
Skrwa
Narew
Drwęca
Liwa
Łyna
Pasłęka
Ina
 
Statystyki odpowiedzi
Odpowiedź % Poprawnych
Pilica
56%
Bzura
44%
Brda
43%
Nida
31%
Radomka
31%
Wda
30%
Kamienna
23%
Wierzyca
21%
Nie znaleziono quizów pasujących do podanych kryteriów
Rozkład punktacji
Procent ludzi z każdym wynikiem
Percentyl według liczby udzielonych odpowiedzi
Twoja historia wyników
Nie rozwiązałeś tego quizu od ostatniego zresetowania